| 000 | 00946nas a2200289 4500 | ||
|---|---|---|---|
| 001 | BR0702846 | ||
| 003 | BR-BrBNA | ||
| 005 | 20231205110832.0 | ||
| 007 | ta | ||
| 008 | 230509b bl.|||p| |||| 00| 00por d | ||
| 040 |
_aBR-BrBNA _bpor _cBiblioteca Nacional de Agricultura |
||
| 041 | _a(Pt) | ||
| 072 | _aE10 | ||
| 100 | 1 | _aCoelho, C.N. | |
| 245 | 1 | _aA intervenção do estado na economia, desenvolvimento econômico e o papel da agricultura | |
| 650 | _aAGRICULTURA | ||
| 650 | _aPOLÍTICA AGRÍCOLA | ||
| 650 | _aDESENVOLVIMENTO ECONÔMICo | ||
| 650 | _aDEPRESSÃO ECONÔMICA | ||
| 650 | _aREFORMA ADMINISTRATIVA | ||
| 650 | _aPREÇO MÍNIMO | ||
| 650 | _aCRÉDITO RURAL | ||
| 773 | 0 |
_tRevista de Política Agrícola (Brazil) _xISSN 1413-4969 _g(1993), v. 2(5) p. 32-46 _wBR0702846 |
|
| 856 | 4 |
_uRev_Pol_Agr_v2_n5-1993.pdf#page=33 _yRecurso eletrônico (PDF) |
|
| 909 |
_a202311 _bLúcia _c55 _dLúcia Elande |
||
| 942 |
_2AGRIS _n0 _cANA |
||
| 999 |
_c189341 _d189341 |
||